| 000 | 00824nam a2200241 4500 | ||
|---|---|---|---|
| 001 | sa 68019033 | ||
| 003 | DLC | ||
| 005 | 20260227112716.0 | ||
| 008 | 710922s1968 ii a b 00000 eng | ||
| 010 | _asa 68019033 | ||
| 025 | _aPL480:I-E-10694 | ||
| 043 | _aa-ii--- | ||
| 050 | 0 |
_aHN690.U8 _bL8 no. 353 |
|
| 082 | _a338.954/2 s | ||
| 100 | 1 | 0 |
_aSingh, Ram Surat, _d1905- |
| 245 | 1 | 0 |
_aSoil conservation through people's effort: _b"A pilot experiment in Etawah." |
| 260 | 0 |
_aLucknow, _bPlanning Research and Action Institute, U.P. _c[1968] |
|
| 300 |
_a33 p. _billus. _c25 cm. |
||
| 490 | 1 | _aP.R.A.I. publication no. 353 | |
| 504 | _aIncludes bibliographical references. | ||
| 650 | 0 |
_aSoil conservation _zIndia _zEtawah. |
|
| 810 | 1 |
_aLucknow. _bPlanning Research and Action Institute. _tP.R.A.I. publication, _vno. 353 |
|
| 999 |
_c88785 _d88785 |
||